Расчёт теоретической производительности селективного спекания порошков маломощным лазерным излучением; Современные техника и технологии; Т. 1

Podrobná bibliografie
Parent link:Современные техника и технологии: сборник трудов XV Международной научно-практической конференции студентов, аспирантов и молодых ученых, Томск, 4-8 мая 2009 г/ Национальный исследовательский Томский политехнический университет (ТПУ).— , 2009
Т. 1.— 2009.— [С. 323-324]
Hlavní autor: Орешков В. М.
Další autoři: Опарин А. В. (научный руководитель), Вальтер А. В. Александр Викторович, Вальтер А. В.
Shrnutí:Заглавие с титульного листа
Электронная версия печатной публикации
Jazyk:ruština
Vydáno: 2009
Témata:
On-line přístup:http://www.lib.tpu.ru/fulltext/c/2009/C01/V1/162.pdf
Médium: MixedMaterials Elektronický zdroj Kapitola
KOHA link:https://koha.lib.tpu.ru/cgi-bin/koha/opac-detail.pl?biblionumber=242382

MARC

LEADER 00000naa2a2200000 4500
001 242382
005 20251209111612.0
035 |a (RuTPU)RU\TPU\book\263696 
035 |a RU\TPU\book\263693 
090 |a 242382 
100 |a 20130830d2009 k||y0rusy50 ca 
101 0 |a rus 
102 |a RU 
135 |a drnn ---uucaa 
181 0 |a i  
182 0 |a b 
200 1 |a Расчёт теоретической производительности селективного спекания порошков маломощным лазерным излучением  |f В. М. Орешков, А. В. Опарин, А. В. Вальтер  |g науч. рук. А. В. Вальтер 
203 |a Текст  |c электронный 
215 |a 1 файл (549 Кб) 
300 |a Заглавие с титульного листа 
300 |a Электронная версия печатной публикации 
337 |a Adobe Reader 
461 0 |0 (RuTPU)RU\TPU\book\261117  |t Современные техника и технологии  |o сборник трудов XV Международной научно-практической конференции студентов, аспирантов и молодых ученых, Томск, 4-8 мая 2009 г  |o в 3 т.  |f Национальный исследовательский Томский политехнический университет (ТПУ)  |d 2009 
463 0 |0 (RuTPU)RU\TPU\book\261157  |t Т. 1  |v [С. 323-324]  |d 2009 
610 1 |a электронный ресурс 
610 1 |a труды учёных ТПУ 
610 1 |a порошки 
610 1 |a спекание 
610 1 |a производительность 
610 1 |a лазерное излучение 
610 1 |a селективное спекание 
610 1 |a расчет 
610 1 |a векторы 
610 1 |a температурные нагрузки 
610 1 |a уравнения 
610 1 |a температурное поле 
610 1 |a зависимости 
700 1 |a Орешков  |b В. М. 
701 1 |a Опарин  |b А. В. 
701 1 |a Вальтер  |b А. В.  |c специалист в области машиностроения  |c доцент Юргинского технологического института (филиала) Томского политехнического университета  |f 1979-  |g Александр Викторович  |3 (RuTPU)RU\TPU\pers\24229 
702 1 |a Вальтер  |b А. В.  |4 727 
801 1 |a RU  |b 63413507  |c 20130617 
801 2 |a RU  |b 63413507  |c 20131103  |g RCR 
856 4 |u http://www.lib.tpu.ru/fulltext/c/2009/C01/V1/162.pdf 
942 |c CF